|
|
|
|
| LEADER |
00000nas a2200000 a 4500 |
| 001 |
ssj0002507 |
| 003 |
WaSeSS |
| 005 |
20200512172242.0 |
| 006 |
m d |
| 007 |
cr n |
| 008 |
980126c19929999ne br pss 0 0eng c |
| 010 |
|
|
|a 2004229170
|
| 016 |
7 |
|
|a 1478683-7
|2 DE-600
|
| 016 |
7 |
|
|a 012433122
|2 Uk
|
| 022 |
|
|
|a 1572-9907
|l 0926-2644
|y 0926-2644
|
| 030 |
|
|
|a GDNEEY
|
| 035 |
|
|
|a (WaSeSS)ssj0002507
|
| 040 |
|
|
|a F#A
|b eng
|e pn
|c F#A
|d OCL
|d OCLCQ
|d MUQ
|d OCLCQ
|d FUG
|d GUA
|d OCLCQ
|d OCL
|d MYG
|d OCLCQ
|d OCLCF
|d OCLCQ
|d OCLCE
|d FJM
|d UAB
|d AU@
|d UKMGB
|d VT2
|d DLC
|d NJT
|d WaSeSS
|
| 042 |
|
|
|a pcc
|
| 050 |
0 |
0 |
|a HD30.23
|
| 082 |
0 |
4 |
|a 658.4036
|
| 130 |
0 |
|
|a Group decision and negotiation (Online)
|
| 245 |
1 |
0 |
|a Group decision and negotiation
|h [electronic resource].
|
| 260 |
|
|
|a [Dordrecht] :
|b Kluwer Academic Publishers
|
| 260 |
3 |
|
|3 <2006-> :
|a [Dordrecht] :
|b Springer Netherlands
|
| 310 |
|
|
|a Bimonthly
|
| 362 |
1 |
|
|a Began with v. 1, no. 1 (Apr. 1992).
|
| 506 |
|
|
|a License restrictions may limit access.
|
| 538 |
|
|
|a Mode of access: World Wide Web.
|
| 550 |
|
|
|a "Published in cooperation with the Institute for Operations Research and the Management Sciences and its Section on Group Decision and Negotiation."
|
| 588 |
|
|
|a Description based on: Vol. 1, no. 1 (Apr. 1992); title from journal contents page (SpringerLink, viewed Nov. 5, 2009).
|
| 588 |
|
|
|a Latest issue consulted: Vol. 28, no. 2 (Apr. 2019) (Springer Link, viewed Mar. 27, 2019).
|
| 650 |
|
0 |
|a Group decision making
|v Periodicals.
|
| 650 |
|
0 |
|a Negotiation in business
|v Periodicals.
|
| 650 |
|
6 |
|a Décision de groupe
|v Périodiques.
|
| 650 |
|
6 |
|a Négociations (Affaires)
|v Périodiques.
|
| 650 |
|
7 |
|a Group decision making.
|2 fast
|0 (OCoLC)fst00948375
|
| 650 |
|
7 |
|a Negotiation in business.
|2 fast
|0 (OCoLC)fst01035573
|
| 650 |
1 |
7 |
|a Onderhandelen.
|2 gtt
|
| 655 |
|
0 |
|a Electronic journals.
|
| 710 |
2 |
|
|a Institute for Operations Research and the Management Sciences.
|
| 710 |
2 |
|
|a Institute for Operations Research and the Management Sciences.
|b Section on Group Decision and Negotiation.
|
| 776 |
0 |
8 |
|i Print version:
|t Group decision and negotiation
|x 0926-2644
|w (DLC) 93655034
|w (OCoLC)26821095
|
| 850 |
|
|
|a DLC
|
| 856 |
4 |
0 |
|z Full text available from Research Library: 01/01/1999 to 1 year ago
|u https://search.proquest.com/publication/30672
|